[Event "GER-ch61 V04 email"]
[Site "GER email"]
[Date "2011.??.??"]
[Round "?"]
[White "Nadenau, Oskar"]
[Black "Schoesser, Manfred"]
[Result "1/2-1/2"]
[WhiteElo "1927"]
[BlackElo "1821"]
[PlyCount "44"]
[EventDate "2010.11.30"]
[EventType "tourn (corr)"]
[EventRounds "6"]
[EventCountry "GER"]
[SourceTitle "Corr 2015"]
[Source "ChessBase"]
[SourceDate "2015.07.17"]
[SourceVersion "1"]
[SourceVersionDate "2015.07.17"]
[SourceQuality "1"]

1. c4 e5 2. Nc3 Nc6 3. g3 f5 4. Bg2 Nf6 5. e3 Nb4 6. d3 c6 7. Nge2 d5 8. cxd5 Nbxd5 9. Nxd5 Nxd5 10. 0-0 Be6 11. Nc3 Nxc3 12. bxc3 Be7 13. e4 Qd7 14. Qh5+ g6 15. Qe2 Bf6 16. Rd1 0-0 17. Ba3 Rfd8 18. Bc5 b6 19. d4 Qf7 20. dxe5 Bc4 21. Qe3 Bxe5 22. exf5 Qxf5 1/2-1/2

[Event "GER-ch58 V05 email"]
[Site "GER email"]
[Date "2010.??.??"]
[Round "?"]
[White "Grube, Andreas"]
[Black "Nadenau, Oskar"]
[Result "1-0"]
[WhiteElo "2119"]
[BlackElo "1927"]
[PlyCount "31"]
[EventDate "2010.05.12"]
[EventType "tourn (corr)"]
[EventRounds "6"]
[EventCountry "GER"]
[SourceTitle "Corr 2015"]
[Source "ChessBase"]
[SourceDate "2015.07.17"]
[SourceVersion "1"]
[SourceVersionDate "2015.07.17"]
[SourceQuality "1"]

1. Nf3 Nf6 2. d4 g6 3. c4 Bg7 4. Nc3 0-0 5. e4 c5 6. Be2 cxd4 7. Nxd4 Nc6 8. Be3 d6 9. 0-0 Bd7 10. Qd2 a5 11. Ndb5 a4 12. f4 Qa5 13. h3 Rfd8 14. a3 Nb8 15. Rad1 Bxb5 16. cxb5 1-0

[Event "GER-ch41 V04 email"]
[Site "GER email"]
[Date "2010.??.??"]
[Round "?"]
[White "Kaiser, Stephan"]
[Black "Nadenau, Oskar"]
[Result "1/2-1/2"]
[WhiteElo "2149"]
[BlackElo "1991"]
[PlyCount "79"]
[EventDate "2010.??.??"]
[EventType "tourn (corr)"]
[EventRounds "12"]
[EventCountry "GER"]
[SourceTitle "Corr 2015"]
[Source "ChessBase"]
[SourceDate "2015.07.17"]
[SourceVersion "1"]
[SourceVersionDate "2015.07.17"]
[SourceQuality "1"]

1. e4 c5 2. Nf3 d6 3. d4 cxd4 4. Nxd4 Nf6 5. Nc3 a6 6. Be3 e5 7. Nb3 Be6 8. Be2 Be7 9. 0-0 0-0 10. f4 exf4 11. Rxf4 Nc6 12. Qd2 d5 13. exd5 Nxd5 14. Nxd5 Qxd5 15. Qxd5 Bxd5 16. Rd1 Rad8 17. Bb6 Rd6 18. Rf2 Re8 19. Bc5 Rdd8 20. Bxe7 Nxe7 21. c4 Bc6 22. Na5 Rxd1+ 23. Bxd1 Rd8 24. Bb3 Kf8 25. c5 f6 26. Bc2 Rd5 27. b4 Rd4 28. a3 Bd5 29. g3 Kf7 30. Kf1 h5 31. Ke1 h4 32. Re2 hxg3 33. hxg3 f5 34. Rd2 Rxd2 35. Kxd2 Ke6 36. Ke3 Ke5 37. Bd1 Nc6 38. Nxb7 Nxb4 39. axb4 Bxb7 40. Bc2 1/2-1/2

[Event "GER-ch58 V05 email"]
[Site "GER email"]
[Date "2010.??.??"]
[Round "?"]
[White "Mergard, Hans Peter"]
[Black "Nadenau, Oskar"]
[Result "1/2-1/2"]
[WhiteElo "1925"]
[BlackElo "1927"]
[PlyCount "60"]
[EventDate "2010.05.12"]
[EventType "tourn (corr)"]
[EventRounds "6"]
[EventCountry "GER"]
[SourceTitle "Corr 2015"]
[Source "ChessBase"]
[SourceDate "2015.07.17"]
[SourceVersion "1"]
[SourceVersionDate "2015.07.17"]
[SourceQuality "1"]

1. e4 e5 2. Nf3 Nc6 3. Bc4 Bc5 4. c3 Nf6 5. d3 d6 6. Nbd2 0-0 7. h3 a5 8. a4 Qe7 9. 0-0 h6 10. Re1 Be6 11. Bxe6 Qxe6 12. Qb3 Qxb3 13. Nxb3 Ba7 14. d4 exd4 15. Nbxd4 Nxd4 16. cxd4 Rfe8 17. e5 dxe5 18. dxe5 Nd7 19. Be3 Bxe3 20. Rxe3 Nc5 21. Nd4 Rad8 22. Nb3 Nxb3 23. Rxb3 b6 24. Rc1 Re7 25. Re3 c5 26. Rce1 Rd4 27. b3 Rb4 28. Kf1 c4 29. bxc4 Rxa4 30. Rc1 Rb4 1/2-1/2

[Event "GER-ch41 V04 email"]
[Site "GER email"]
[Date "2010.??.??"]
[Round "?"]
[White "Nadenau, Oskar"]
[Black "Bergmann, Martin"]
[Result "1/2-1/2"]
[WhiteElo "1991"]
[BlackElo "2154"]
[PlyCount "39"]
[EventDate "2010.??.??"]
[EventType "tourn (corr)"]
[EventRounds "12"]
[EventCountry "GER"]
[SourceTitle "Corr 2015"]
[Source "ChessBase"]
[SourceDate "2015.07.17"]
[SourceVersion "1"]
[SourceVersionDate "2015.07.17"]
[SourceQuality "1"]

1. e4 d6 2. d4 Nf6 3. Nc3 Nbd7 4. f4 e5 5. Nf3 exd4 6. Qxd4 c6 7. Be3 d5 8. exd5 Bc5 9. Qd3 Qe7 10. Nd4 Ng4 11. Nf5 Nde5 12. Nxe7 Nxd3+ 13. Bxd3 Nxe3 14. Nxc8 Rxc8 15. dxc6 Rxc6 16. g3 0-0 17. Ke2 Bd4 18. Rhe1 Nc4 19. Bxc4 Bxc3 20. Bxf7+ 1/2-1/2

[Event "GER-ch Seniors 21st"]
[Site "Dresden"]
[Date "2009.08.09"]
[Round "8"]
[White "Nadenau, Oskar"]
[Black "Jacob, Bernhard"]
[Result "1/2-1/2"]
[WhiteElo "1988"]
[BlackElo "2164"]
[PlyCount "104"]
[EventDate "2009.08.03"]
[EventType "swiss"]
[EventRounds "9"]
[EventCountry "GER"]
[SourceTitle "CBM 131 Extra"]
[Source "ChessBase"]
[SourceDate "2009.09.03"]
[SourceVersion "2"]
[SourceVersionDate "2009.09.16"]
[SourceQuality "1"]

1. c4 e5 2. Nc3 Nf6 3. d3 Bc5 4. Nf3 Nc6 5. e3 d6 6. a3 a5 7. Be2 0-0 8. 0-0 Bd7 9. b3 Re8 10. Bb2 Qc8 11. Rc1 Ng4 12. d4 exd4 13. exd4 Ba7 14. Nb5 Bb8 15. Re1 Na7 16. Nc3 Nf6 17. h3 Nc6 18. Bf1 Ba7 19. Rxe8+ Qxe8 20. Nb5 Bb8 21. Qd3 Ne7 22. Nc3 Bf5 23. Qe2 c6 24. Re1 Kf8 25. Nh4 Bd7 26. Na4 Bc7 27. d5 Neg8 28. Qd1 Qd8 29. Nc3 Bb6 30. Nf3 Qc7 31. Ne4 Nxe4 32. Rxe4 f6 33. Nd4 Bxd4 34. Bxd4 cxd5 35. cxd5 Bf5 36. Re3 Rc8 37. Bc4 a4 38. Rc3 axb3 39. Qxb3 Qe7 40. Be3 Qd7 41. a4 Ne7 42. Bb5 Rxc3 43. Qxc3 Qc8 44. Qxc8+ Bxc8 45. Bf4 Nxd5 46. Bxd6+ Kf7 47. Ba3 Be6 48. a5 Nc7 49. Be2 g6 50. Kf1 f5 51. Bd6 Ne8 52. Bc5 Bd5 1/2-1/2

[Event "GER-ch Seniors 21st"]
[Site "Dresden"]
[Date "2009.08.08"]
[Round "7"]
[White "Alter, Helmut"]
[Black "Nadenau, Oskar"]
[Result "1-0"]
[WhiteElo "1859"]
[BlackElo "1988"]
[PlyCount "137"]
[EventDate "2009.08.03"]
[EventType "swiss"]
[EventRounds "9"]
[EventCountry "GER"]
[SourceTitle "CBM 131 Extra"]
[Source "ChessBase"]
[SourceDate "2009.09.03"]
[SourceVersion "2"]
[SourceVersionDate "2009.09.16"]
[SourceQuality "1"]

1. e4 c5 2. Nf3 d6 3. d4 cxd4 4. Nxd4 Nf6 5. Bd3 a6 6. Nc3 g6 7. 0-0 Bg7 8. Be2 0-0 9. Be3 Bd7 10. f4 Nc6 11. Qd2 Re8 12. Bf3 Nxd4 13. Bxd4 Bc6 14. Nd5 Nxd5 15. exd5 Bxd4+ 16. Qxd4 Bd7 17. c4 Qc7 18. b3 Rac8 19. Be4 Qc5 20. Qxc5 Rxc5 21. a4 a5 22. f5 Kg7 23. Rae1 g5 24. Bd3 Kf6 25. g4 Rc7 26. Kg2 Rh8 27. Re3 h5 28. Be2 h4 29. h3 Re8 30. Bd3 b6 31. Rf2 Bc8 32. Kf1 Bb7 33. Ke1 Ra8 34. Kd2 Kg7 35. Rfe2 Kf6 36. Bc2 Rac8 37. Be4 Ba6 38. Bf3 Re8 39. Kd3 Rc5 40. Kd4 Rc7 41. Rb2 Rec8 42. Be2 Rc5 43. Rc3 Bb7 44. b4 axb4 45. Rxb4 Bxd5 46. Rxb6 Bg2 47. Rb5 R5c7 48. a5 Ra7 49. Ra3 Rca8 50. c5 Bc6 51. Rb6 Rc8 52. cxd6 Rd7 53. Ke3 Ba8 54. dxe7+ Kxe7 55. Bf3 Bxf3 56. Kxf3 Rd6 57. Rxd6 Kxd6 58. a6 Kd5 59. a7 Ra8 60. Ke3 Kc5 61. Ra5+ Kb6 62. Ra3 Kc5 63. f6 Re8+ 64. Kf3 Ra8 65. Ke4 Kc6 66. Kf5 Kb7 67. Kxg5 Rg8+ 68. Kxh4 Ka8 69. g5 1-0

[Event "GER-ch51 V7 email"]
[Site "GER email"]
[Date "2009.01.19"]
[Round "?"]
[White "Drobka, Manfred"]
[Black "Nadenau, Oskar"]
[Result "1-0"]
[WhiteElo "2163"]
[BlackElo "1927"]
[PlyCount "70"]
[EventDate "2009.??.??"]
[EventType "tourn (corr)"]
[EventRounds "6"]
[EventCountry "GER"]
[SourceTitle "Corr 2011"]
[Source "ChessBase"]
[SourceDate "2010.08.31"]
[SourceVersion "1"]
[SourceVersionDate "2010.08.31"]
[SourceQuality "1"]

1. e4 c6 2. d4 d5 3. e5 Bf5 4. Nf3 e6 5. Be2 Nd7 6. 0-0 h6 7. Nbd2 Bh7 8. Nb3 Ne7 9. Bd2 Ng6 10. c4 dxc4 11. Bxc4 Be7 12. Bd3 Nb6 13. a4 Nf8 14. Bxh7 Nxh7 15. Ne1 Nd5 16. Qg4 Nf8 17. Nd3 b6 18. Rfc1 Qd7 19. h4 h5 20. Qe4 a5 21. g3 Rc8 22. Rc4 Ng6 23. Nbc1 Bd8 24. Ne2 Nge7 25. Rac1 Rb8 26. b4 axb4 27. Bxb4 Rc8 28. Qf3 g6 29. Bxe7 Nxe7 30. Qe4 0-0 31. Nb4 c5 32. Nd3 Qa7 33. Kg2 Ra8 34. dxc5 Nf5 35. c6 Bc7 1-0

[Event "GER-ch41 final email"]
[Site "GER email"]
[Date "2009.01.16"]
[Round "?"]
[White "Lange, Lutz"]
[Black "Nadenau, Oskar"]
[Result "1-0"]
[WhiteElo "2235"]
[BlackElo "1922"]
[PlyCount "57"]
[EventDate "2008.??.??"]
[EventType "tourn (corr)"]
[EventRounds "14"]
[EventCountry "GER"]
[SourceTitle "Corr 2011"]
[Source "ChessBase"]
[SourceDate "2010.08.31"]
[SourceVersion "1"]
[SourceVersionDate "2010.08.31"]
[SourceQuality "1"]

1. d4 Nf6 2. c4 g6 3. Nc3 Bg7 4. e4 d6 5. Be2 0-0 6. Nf3 Nbd7 7. 0-0 e5 8. Be3 Qe7 9. Qc2 c6 10. d5 c5 11. g3 Nb6 12. Kg2 Bg4 13. h3 Bd7 14. a3 a5 15. b3 Nc8 16. Rab1 Qd8 17. b4 b6 18. bxc5 bxc5 19. Rb2 Ra6 20. Rfb1 Ne7 21. Nxe5 dxe5 22. Bxc5 Bxh3+ 23. Kxh3 Qc8+ 24. Kg2 Qxc5 25. Rb5 Qxa3 26. c5 Raa8 27. R1b3 Qa1 28. Rb7 Rfc8 29. Rb1 1-0

[Event "GER-ch52 V7 email"]
[Site "GER email"]
[Date "2009.??.??"]
[Round "?"]
[White "Horst, Lothar"]
[Black "Nadenau, Oskar"]
[Result "1/2-1/2"]
[WhiteElo "1803"]
[BlackElo "1927"]
[PlyCount "74"]
[EventDate "2009.??.??"]
[EventType "tourn (corr)"]
[EventRounds "6"]
[EventCountry "GER"]
[SourceTitle "Corr 2011"]
[Source "ChessBase"]
[SourceDate "2010.08.31"]
[SourceVersion "1"]
[SourceVersionDate "2010.08.31"]
[SourceQuality "1"]

1. d4 Nf6 2. Nf3 g6 3. c4 Bg7 4. Nc3 0-0 5. e4 c6 6. e5 Ne8 7. Bf4 d6 8. Be2 Bg4 9. Ng5 Bf5 10. 0-0 dxe5 11. dxe5 Nc7 12. g4 Bc8 13. Bg3 Ne6 14. Nxe6 Bxe6 15. Qc2 Qc8 16. h3 c5 17. f4 Nc6 18. Nd5 Bxd5 19. cxd5 Nd4 20. Qd3 Rd8 21. Bf3 Nxf3+ 22. Qxf3 c4 23. Kg2 Qc5 24. Rfd1 Qb5 25. Rd2 Qa5 26. Be1 Rac8 27. Rd4 Qa6 28. Bc3 Qa4 29. a3 b5 30. Re1 a5 31. Qd1 Qxd1 32. Rexd1 f6 33. Re4 fxe5 34. fxe5 Rd7 35. d6 exd6 36. exd6 Bxc3 37. bxc3 Rc6 1/2-1/2

[Event "GER-ch55 V04 email"]
[Site "GER email"]
[Date "2009.??.??"]
[Round "?"]
[White "Nadenau, Oskar"]
[Black "Zitzmann, Johann"]
[Result "1/2-1/2"]
[WhiteElo "1927"]
[BlackElo "2066"]
[PlyCount "80"]
[EventDate "2010.10.18"]
[EventType "tourn (corr)"]
[EventRounds "6"]
[EventCountry "GER"]
[SourceTitle "Corr 2015"]
[Source "ChessBase"]
[SourceDate "2015.07.17"]
[SourceVersion "1"]
[SourceVersionDate "2015.07.17"]
[SourceQuality "1"]

1. e4 c5 2. Nf3 Nc6 3. d4 cxd4 4. Nxd4 Nf6 5. Nc3 d6 6. Bc4 Qb6 7. Nb3 e6 8. 0-0 Be7 9. Be3 Qc7 10. Be2 0-0 11. f4 b6 12. Bf3 Ba6 13. Rf2 Rfd8 14. Rd2 Bc4 15. a3 Rac8 16. Qe1 d5 17. e5 Nd7 18. Nd4 Nxd4 19. Bxd4 Nb8 20. Be3 Bc5 21. Qf2 Nc6 22. Bxc5 bxc5 23. b3 Qa5 24. Na4 Bb5 25. Nxc5 Qc3 26. Re1 Nxe5 27. fxe5 Rxc5 28. a4 Ba6 29. Re3 Qb4 30. Re4 Qa3 31. Bd1 Rdc8 32. Rf4 R5c7 33. Qd4 Qc1 34. Rff2 Qa3 35. h3 Rb8 36. Rf4 Qc5 37. Qxc5 Rxc5 38. Rdf2 Rc7 39. R2f3 Rd8 40. Rd4 Rf8 1/2-1/2

[Event "GER-ch41 final email"]
[Site "GER email"]
[Date "2008.12.08"]
[Round "?"]
[White "Nadenau, Oskar"]
[Black "Haumann, Joachim"]
[Result "1-0"]
[WhiteElo "1927"]
[BlackElo "2172"]
[PlyCount "74"]
[EventDate "2008.??.??"]
[EventType "tourn (corr)"]
[EventRounds "14"]
[EventCountry "GER"]
[SourceTitle "Corr 2011"]
[Source "ChessBase"]
[SourceDate "2010.08.31"]
[SourceVersion "1"]
[SourceVersionDate "2010.08.31"]
[SourceQuality "1"]

1. c4 c5 2. Nf3 Nf6 3. Nc3 d5 4. cxd5 Nxd5 5. d4 Nxc3 6. bxc3 g6 7. e4 Bg7 8. Rb1 0-0 9. Be2 Nc6 10. d5 Ne5 11. Nxe5 Bxe5 12. Qd2 b6 13. f4 Bg7 14. 0-0 e6 15. dxe6 Bxe6 16. f5 Qxd2 17. Bxd2 Bd7 18. f6 Bh8 19. e5 Rfe8 20. Bf4 g5 21. Bg3 Rad8 22. Rbd1 Ba4 23. Rxd8 Rxd8 24. h4 Rd2 25. Bc4 Bc6 26. Rf2 Rxf2 27. Bxf2 gxh4 28. Bxh4 Bd7 29. Bg5 Bf5 30. Bh6 Bd7 31. Bd5 Bf5 32. Kf2 Bd7 33. Kf3 Bf5 34. Be4 Be6 35. a3 Bd7 36. Kg3 Be6 37. Kh4 Bb3 1-0

[Event "GER-ch49 V7 email"]
[Site "GER email"]
[Date "2008.10.20"]
[Round "?"]
[White "Nadenau, Oskar"]
[Black "Heineccius, August"]
[Result "1-0"]
[WhiteElo "1922"]
[BlackElo "1425"]
[PlyCount "47"]
[EventDate "2008.??.??"]
[EventType "tourn (corr)"]
[EventRounds "10"]
[EventCountry "GER"]
[SourceTitle "Corr 2011"]
[Source "ChessBase"]
[SourceDate "2010.08.31"]
[SourceVersion "1"]
[SourceVersionDate "2010.08.31"]
[SourceQuality "1"]

1. c4 c5 2. Nf3 d6 3. d4 Bg4 4. dxc5 Nf6 5. cxd6 exd6 6. Nc3 Be7 7. h3 Be6 8. e4 0-0 9. Be2 Nc6 10. 0-0 a6 11. Bf4 b5 12. cxb5 axb5 13. Bxb5 Na7 14. Ba4 Nh5 15. Be3 Bc4 16. Re1 Nc8 17. Nd2 Qc7 18. Nxc4 Qxc4 19. Bb3 Qa6 20. Qxh5 g6 21. Qf3 Qb7 22. Nd5 Bd8 23. Bh6 Re8 24. Nf6+ 1-0

[Event "GER-ch41 final email"]
[Site "GER email"]
[Date "2008.10.06"]
[Round "?"]
[White "Marotz, Hans Joachim"]
[Black "Nadenau, Oskar"]
[Result "1/2-1/2"]
[WhiteElo "2150"]
[BlackElo "1927"]
[PlyCount "70"]
[EventDate "2008.??.??"]
[EventType "tourn (corr)"]
[EventRounds "14"]
[EventCountry "GER"]
[SourceTitle "Corr 2011"]
[Source "ChessBase"]
[SourceDate "2010.08.31"]
[SourceVersion "1"]
[SourceVersionDate "2010.08.31"]
[SourceQuality "1"]

1. Nf3 Nf6 2. g3 d5 3. d4 c6 4. Bg2 Bf5 5. 0-0 e6 6. c4 Nbd7 7. Nbd2 Be7 8. Nh4 Bg4 9. h3 Bh5 10. Re1 Qb6 11. cxd5 cxd5 12. Qa4 Rc8 13. e4 Nxe4 14. Nxe4 Rc4 15. Qb3 Rb4 16. Qc2 dxe4 17. a3 Rb3 18. Re3 Rd3 19. Rxd3 exd3 20. Qxd3 0-0 21. Qc3 Qd8 22. Nf3 Bg6 23. Ne5 Nxe5 24. dxe5 Qd7 25. Be3 Rc8 26. Qe1 b6 27. Rd1 Qe8 28. Rc1 h6 29. Rc3 Qd8 30. b4 Rxc3 31. Qxc3 Qd1+ 32. Kh2 Qc2 33. Qc6 Qxc6 34. Bxc6 f6 35. Bd4 Kf7 1/2-1/2

[Event "GER-ch41 final email"]
[Site "GER email"]
[Date "2008.09.22"]
[Round "?"]
[White "Dorer, Manfred"]
[Black "Nadenau, Oskar"]
[Result "1-0"]
[WhiteElo "2089"]
[BlackElo "1927"]
[PlyCount "47"]
[EventDate "2008.??.??"]
[EventType "tourn (corr)"]
[EventRounds "14"]
[EventCountry "GER"]
[SourceTitle "Corr 2011"]
[Source "ChessBase"]
[SourceDate "2010.08.31"]
[SourceVersion "1"]
[SourceVersionDate "2010.08.31"]
[SourceQuality "1"]

1. e4 c5 2. Nf3 d6 3. d4 cxd4 4. Nxd4 Nf6 5. Nc3 a6 6. Be3 e6 7. f3 b5 8. Qd2 Nbd7 9. g4 h6 10. 0-0-0 Bb7 11. h4 b4 12. Na4 Qa5 13. b3 Nc5 14. a3 Nxa4 15. axb4 Qc7 16. bxa4 d5 17. e5 Nd7 18. f4 Nb6 19. Rh3 Nxa4 20. Bf2 Be7 21. f5 Rc8 22. Be1 0-0 23. f6 Bd8 24. g5 1-0

[Event "GER-ch41 final email"]
[Site "GER email"]
[Date "2008.09.22"]
[Round "?"]
[White "Nadenau, Oskar"]
[Black "Mueller, Horst"]
[Result "0-1"]
[WhiteElo "1927"]
[BlackElo "2162"]
[PlyCount "54"]
[EventDate "2008.??.??"]
[EventType "tourn (corr)"]
[EventRounds "14"]
[EventCountry "GER"]
[SourceTitle "Corr 2011"]
[Source "ChessBase"]
[SourceDate "2010.08.31"]
[SourceVersion "1"]
[SourceVersionDate "2010.08.31"]
[SourceQuality "1"]

1. c4 Nf6 2. d4 g6 3. Nc3 Bg7 4. e4 d6 5. f3 0-0 6. Be3 e5 7. d5 c6 8. Bd3 cxd5 9. cxd5 Nh5 10. Nge2 f5 11. exf5 gxf5 12. 0-0 Nd7 13. Rc1 Nc5 14. Bb1 a5 15. f4 e4 16. Nd4 Nf6 17. h3 Bd7 18. Ndb5 Qe7 19. Bxc5 dxc5 20. a4 Kh8 21. d6 Qf7 22. Ba2 Qg6 23. Qd2 Rad8 24. Rcd1 Nh5 25. Bc4 Bc6 26. Rf2 Bh6 27. Qe3 Rd7 0-1

[Event "GER-ch48 V5 email"]
[Site "GER email"]
[Date "2008.08.29"]
[Round "?"]
[White "Nadenau, Oskar"]
[Black "Drobka, Manfred"]
[Result "1/2-1/2"]
[WhiteElo "1922"]
[BlackElo "2218"]
[PlyCount "39"]
[EventDate "2008.??.??"]
[EventType "tourn (corr)"]
[EventRounds "10"]
[EventCountry "GER"]
[SourceTitle "Corr 2011"]
[Source "ChessBase"]
[SourceDate "2010.08.31"]
[SourceVersion "1"]
[SourceVersionDate "2010.08.31"]
[SourceQuality "1"]

1. e4 e6 2. d4 d5 3. Nc3 Nf6 4. Bg5 dxe4 5. Nxe4 Be7 6. Bxf6 Bxf6 7. Nf3 0-0 8. Qd2 Nd7 9. 0-0-0 Be7 10. Bd3 c5 11. Nxc5 Nxc5 12. dxc5 Qc7 13. h4 Bxc5 14. Kb1 b5 15. Ng5 h6 16. Bh7+ Kh8 17. Qd3 f5 18. Bg6 Rb8 19. Nh7 Rg8 20. Ng5 1/2-1/2

[Event "GER-ch Seniors-A 20th"]
[Site "Erfurt"]
[Date "2008.08.10"]
[Round "6"]
[White "Nadenau, Oskar"]
[Black "Bernhoeft, Erhard"]
[Result "1-0"]
[WhiteElo "1743"]
[BlackElo "1934"]
[PlyCount "121"]
[EventDate "2008.08.05"]
[EventType "swiss"]
[EventRounds "9"]
[EventCountry "GER"]
[SourceTitle "CBM 126 Extra"]
[Source "ChessBase"]
[SourceDate "2008.11.05"]
[SourceVersion "1"]
[SourceVersionDate "2008.11.05"]
[SourceQuality "1"]

1. c4 g6 2. d4 Bg7 3. Nf3 d6 4. Nc3 c6 5. e3 Nf6 6. Be2 0-0 7. 0-0 Nbd7 8. b3 Re8 9. Bb2 b6 10. Qc2 Bb7 11. Rad1 Rc8 12. e4 Qc7 13. Rfe1 e5 14. Bf1 exd4 15. Nxd4 Nc5 16. f3 a5 17. Kh1 Nh5 18. Qf2 Be5 19. Nde2 Qe7 20. g4 Nf4 21. Nxf4 Bxf4 22. Ne2 Be5 23. Bc1 Rcd8 24. Ng3 Qh4 25. Qg2 Ne6 26. Ne2 c5 27. Be3 Qf6 28. Kg1 Bc6 29. a4 Rf8 30. Rd3 Qh4 31. Red1 Qf6 32. g5 Qe7 33. f4 Bd4 34. Bxd4 cxd4 35. Nxd4 Nxf4 36. Nxc6 Qd7 37. Rxd6 Qc7 38. Qd2 Rxd6 39. Qxd6 Qxd6 40. Rxd6 Re8 41. Rd8 Kf8 42. Rxe8+ Kxe8 43. Nd4 Kd7 44. Kf2 Kd6 45. Ke3 Nh5 46. Be2 Ng7 47. Bg4 Ne8 48. Nf3 Nc7 49. Kd4 Na6 50. e5+ Kc7 51. e6 fxe6 52. Bxe6 Nc5 53. Bg8 Nxb3+ 54. Kd5 Nc5 55. Bxh7 Nxa4 56. Bxg6 Nc3+ 57. Kd4 Ne2+ 58. Ke3 Nc3 59. Bc2 a4 60. Bxa4 Nxa4 61. g6 1-0

[Event "GER-ch Seniors-A 20th"]
[Site "Erfurt"]
[Date "2008.08.09"]
[Round "5"]
[White "Nadenau, Oskar"]
[Black "Kunath, Werner"]
[Result "0-1"]
[WhiteElo "1743"]
[BlackElo "1891"]
[PlyCount "120"]
[EventDate "2008.08.05"]
[EventType "swiss"]
[EventRounds "9"]
[EventCountry "GER"]
[SourceTitle "CBM 126 Extra"]
[Source "ChessBase"]
[SourceDate "2008.11.05"]
[SourceVersion "1"]
[SourceVersionDate "2008.11.05"]
[SourceQuality "1"]

1. c4 Nf6 2. d4 e6 3. Nc3 c5 4. Nf3 cxd4 5. Nxd4 Nc6 6. Nc2 b6 7. g3 Bb7 8. Bg2 Be7 9. 0-0 0-0 10. b3 Rc8 11. Bb2 Na5 12. e4 d6 13. Qe2 a6 14. Rad1 Qc7 15. Nd4 Nc6 16. Nc2 Rfe8 17. Ne3 Qb8 18. f4 Na7 19. h3 b5 20. cxb5 axb5 21. Ng4 b4 22. Nb1 Nxg4 23. Qxg4 g6 24. Rc1 Nb5 25. Kh2 Qa7 26. Qd1 Qxa2 27. Rf2 Rxc1 28. Qxc1 Rc8 29. Rc2 Qa8 30. Rxc8+ Qxc8 31. Qc4 Qc5 32. Bf1 Bc6 33. Qxc5 dxc5 34. Nd2 Nd4 35. Bc4 Bf6 36. e5 Be7 37. Kg1 Nf3+ 38. Nxf3 Bxf3 39. Kf2 Bd5 40. Ke3 Bxc4 41. bxc4 Bd8 42. Ke4 f5+ 43. exf6 Kf7 44. Be5 Bxf6 45. Bd6 Bd4 46. g4 h5 47. Kd3 Kf6 48. Bc7 e5 49. Bd6 exf4 50. Bxf4 b3 51. Bh6 Ke6 52. Bf4 Kd7 53. Bd2 Ke6 54. Bf4 Be5 55. Bh6 Kd6 56. Bd2 Bb2 57. Bh6 Kc6 58. Bd2 Ba3 59. Bc3 Bb4 60. Bf6 Kb6 0-1

[Event "GER-ch Seniors-A 20th"]
[Site "Erfurt"]
[Date "2008.08.08"]
[Round "4"]
[White "Schmidt, Lothar"]
[Black "Nadenau, Oskar"]
[Result "1-0"]
[WhiteElo "1908"]
[BlackElo "1743"]
[PlyCount "46"]
[EventDate "2008.08.05"]
[EventType "swiss"]
[EventRounds "9"]
[EventCountry "GER"]
[SourceTitle "CBM 126 Extra"]
[Source "ChessBase"]
[SourceDate "2008.11.05"]
[SourceVersion "1"]
[SourceVersionDate "2008.11.05"]
[SourceQuality "1"]

1. d4 Nf6 2. Nf3 e6 3. Bf4 b6 4. Nbd2 Bb7 5. c3 d6 6. h3 Nbd7 7. e3 Be7 8. Bc4 0-0 9. 0-0 h6 10. Bh2 Ne4 11. Nxe4 Bxe4 12. Nd2 Bb7 13. f4 d5 14. Be2 f5 15. Nf3 Nf6 16. Ne5 Qe8 17. g4 g6 18. Rf2 Kh7 19. Rg2 Rg8 20. h4 Bd6 21. h5 Bxe5 22. hxg6+ Qxg6 23. fxe5 fxg4 1-0

[Event "GER-ch Seniors-A 20th"]
[Site "Erfurt"]
[Date "2008.08.05"]
[Round "1"]
[White "Lueders, Guenter"]
[Black "Nadenau, Oskar"]
[Result "1/2-1/2"]
[WhiteElo "1619"]
[BlackElo "1743"]
[PlyCount "73"]
[EventDate "2008.08.05"]
[EventType "swiss"]
[EventRounds "9"]
[EventCountry "GER"]
[SourceTitle "CBM 126 Extra"]
[Source "ChessBase"]
[SourceDate "2008.11.05"]
[SourceVersion "1"]
[SourceVersionDate "2008.11.05"]
[SourceQuality "1"]

1. d4 Nf6 2. Nf3 g6 3. Bf4 d6 4. h3 Bg7 5. e3 0-0 6. Nbd2 Nbd7 7. c3 Re8 8. Be2 e5 9. dxe5 Nxe5 10. 0-0 Nc6 11. Re1 Be6 12. Qc2 h6 13. Nd4 Bd7 14. Bg3 Nxd4 15. cxd4 Be6 16. Rac1 c6 17. b3 d5 18. Bd3 Nd7 19. Nf3 f5 20. Rcd1 Bf7 21. Bh2 Re6 22. Kh1 Qe8 23. Rg1 Nf6 24. g4 fxg4 25. hxg4 Ne4 26. Be5 Bxe5 27. Nxe5 Rf6 28. Bxe4 dxe4 29. Rg2 Bd5 30. g5 hxg5 31. Rxg5 Kg7 32. Rg2 Qe6 33. Rh2 Rh8 34. Rxh8 Kxh8 35. Kg2 Qf5 36. Rh1+ Kg7 37. Kf1 1/2-1/2

[Event "GER-ch47 V7 email"]
[Site "GER email"]
[Date "2008.07.07"]
[Round "?"]
[White "Nadenau, Oskar"]
[Black "Janssen, Johann"]
[Result "1/2-1/2"]
[WhiteElo "1922"]
[BlackElo "2131"]
[PlyCount "88"]
[EventDate "2008.??.??"]
[EventType "tourn (corr)"]
[EventRounds "10"]
[EventCountry "GER"]
[SourceTitle "Corr 2011"]
[Source "ChessBase"]
[SourceDate "2010.08.31"]
[SourceVersion "1"]
[SourceVersionDate "2010.08.31"]
[SourceQuality "1"]

1. d4 Nf6 2. c4 g6 3. Nc3 Bg7 4. e4 d6 5. f4 0-0 6. Nf3 c5 7. d5 e6 8. Be2 exd5 9. cxd5 Re8 10. e5 dxe5 11. fxe5 Ng4 12. Bg5 Qb6 13. 0-0 Nxe5 14. Qb3 Nbd7 15. Nxe5 Bxe5 16. Rae1 Qxb3 17. axb3 Nb6 18. Bf3 Bf5 19. Ra1 c4 20. b4 f6 21. Bh4 Nc8 22. Bf2 a6 23. b5 Nd6 24. bxa6 Rxa6 25. Bc5 Rxa1 26. Rxa1 Bd3 27. g3 f5 28. Kg2 Rd8 29. Ra7 Rd7 30. Bb4 Kg7 31. Ra8 Ne4 32. Rc8 Nf6 33. Na4 g5 34. Nc5 g4 35. Nxd7 gxf3+ 36. Kxf3 Be4+ 37. Ke3 Nxd7 38. Rd8 Nf6 39. Bc3 Bxc3 40. bxc3 Bxd5 41. Kd4 Bf7 42. Rb8 Ng4 43. h4 h5 44. Rxb7 Nf2 1/2-1/2